[Event "USA-ch Gr-A"]
[Site "Denver"]
[Date "1998.11.01"]
[Round "2"]
[White "Shabalov, Alexander"]
[Black "Christiansen, Larry Mark"]
[Result "1-0"]
[WhiteElo "2645"]
[BlackElo "2610"]
[Annotator "Tsesarsky,I"]
[PlyCount "61"]
[EventDate "1998.10.31"]
[EventType "tourn"]
[EventRounds "7"]
[EventCountry "USA"]
[EventCategory "13"]
[SourceTitle "CBM 068"]
[Source "ChessBase"]
[SourceDate "1999.02.01"]
[SourceVersion "1"]
[SourceVersionDate "1999.02.01"]
[SourceQuality "1"]

{[%mdl 8272]} 1. d4 Nf6 2. c4 (2. Nf3 e6 3. c4 b6 4. Nc3 Bb7 5. a3 d5 6. Bg5
dxc4 7. e3 Nbd7 8. Bxc4 Be7 9. O-O O-O 10. Rc1 a6 11. Qe2 b5 12. Ba2 c5 13.
dxc5 Nxc5 14. Rfd1 Qb6 15. Nd4 (15. b4 Nce4 16. Nxe4 Bxe4 17. Ne5 Rfc8 $11)
15... h6 16. Bh4 Nce4 17. Nxe4 Bxe4 $11 {1/2-1/2 Zilberman,Y-Psakhis,L/Ramat
Aviv ISR 1998 (60)}) 2... e6 3. Nc3 d5 4. Nf3 Nbd7 (4... b6 5. Bg5 Bb7 6. e3
Be7 7. Rc1 a6 8. Bd3 Nbd7 9. O-O O-O 10. Qe2 c5 11. a3 dxc4 12. Bxc4 b5 13. Ba2
cxd4 (13... c4 $6 14. Bb1 Rc8 15. e4 $14 {1-0 Lasker,E-Voigt,H/12.27 off USA
Philadelphia PA Franklin 1892 (46)}) 14. Nxd4 Qb6 15. Rfd1 Rfd8 $132) 5. Bg5
Be7 6. e3 O-O 7. Rc1 a6 (7... c6 8. Bd3 a6 9. a3 dxc4 10. Bxc4 b5 11. Ba2 c5
12. O-O Bb7 13. Qe2 Rc8 (13... cxd4 14. Nxd4 (14. exd4 Nb6 15. Ne5 Nfd5 16.
Bxe7 Nxc3 17. Rxc3 Qxe7 18. Bb1 g6 $132 (18... Rac8 $4 19. Bxh7+ {1-0 Frias
Apablaza,V-Frey,K/Havana B(3) 1983 (19)})) 14... Qb6 15. Rfd1 Rfd8 16. e4 Ne5
17. Nf3 Nxf3+ 18. Qxf3 Rxd1+ 19. Rxd1 Rd8 $11 {1/2-1/2 Bogoljubov,E-Gilg,C/Bad
Elster 1938 (30)}) 14. Rfd1 cxd4 15. exd4 Nb6 16. Ne5 Nbd5 17. Nxd5 Bxd5 18.
Bxd5 Nxd5 19. Rxc8 Qxc8 20. Bxe7 Nxe7 21. h3 Rd8 22. Qh5 Ng6 23. Nxg6 hxg6 $15
{1/2-1/2 Kirilov,V-Sorokin,N/Moscow URS ch 1931 (39)}) 8. a3 dxc4 9. Bxc4 b5
10. Ba2 Bb7 11. O-O c5 12. Qe2 cxd4 (12... b4 13. Nb1 (13. axb4 cxb4 14. Nb1
Qa5 15. Bxf6 (15. Bb3 Bxf3 $19) 15... Nxf6 16. Bc4 Rfc8 17. Nbd2 $11) 13... Rb8
14. Bc4 bxa3 15. Nxa3 Bxf3 16. gxf3 cxd4 17. exd4 Qa5 $17 {0-1 Pasero,
P-Puiggros,G/ARG-ch t Mayor Buenos Aires 1938 (43)}) (12... Ne4 13. Bxe7 (13.
Bf4 Nxc3 14. Rxc3 Rc8 15. Rfc1 c4 16. Bb1 Nb6 17. e4 Bd6 (17... Na4 18. Re3 c3
19. bxc3 (19. b3 Bxa3 20. Rc2 Nb6 21. Rexc3 Rxc3 22. Rxc3 Bd6 23. Bxd6 Qxd6 24.
e5 Qb4 25. Qd3 g6 $17) (19. b4 Bf6 20. Qd3 g6 21. Ba2 (21. Bc2 Nb2 $17) 21...
Nb2 (21... Qb6) 22. Qc2 Bxd4 23. Nxd4 Qxd4 24. Rxc3 Rxc3 25. Qxc3 Qxe4 $19)
19... Bxa3 20. Rc2 Bxe4 $1 21. Rxe4 (21. c4 Bxf3 (21... Bxc2 22. Qxc2 g6 23.
Rxa3 Rxc4 $132) 22. Qxf3 Bd6 23. cxb5 Bxf4 24. Qxf4 axb5 $15) 21... Nxc3 22.
Qe1 Nxe4 23. Rxc8 Qxc8 24. Qxe4 g6 25. Qe3 $15) 18. Bg5 Be7 19. Bd2 Na4 20.
R3c2 g6 21. Bh6 Re8 22. Qe3 $14 {1/2-1/2 Leskiewicz,M-Shishkov,A/ch World
cadets (under 1994 (72)}) 13... Qxe7 14. Rfd1 (14. Bb1 Nxc3 15. Rxc3 cxd4 (
15... Rac8 16. Rfc1 g6 17. h3 e5 18. dxc5 Rxc5 19. Rxc5 Nxc5 20. b4 Na4 21. Nd2
Rc8 {1/2-1/2 Ostenstad,B-Hoi,C/Gausdal zt 1987 (22)}) 16. Nxd4 Rfc8 17. Rfc1 g6
18. Nc6 Rxc6 19. Rxc6 Bxc6 20. Rxc6 Ne5 21. Rc3 Rd8 $11 {1/2-1/2 Timman,J-San
Segundo,P/Madrid 1995 (43)}) 14... c4 15. Bb1 Ndf6 16. Nd2 Nxc3 17. Rxc3 Rfd8
18. f4 Rac8 $132 {0-1 Kashdan-Horowitz/New York ch-USA 1938 (51)}) (12... h6
13. Bh4 Ne4 14. Bxe7 Qxe7 15. dxc5 Ndxc5 16. Nxe4 Nxe4 {1/2-1/2 Uhlmann,W-Csom,
I/Berlin Lasker 1968 (16)}) (12... Rc8 13. Rfd1 Qc7 14. Bb1 Qb8 15. dxc5 Nxc5
16. b4 Nb3 $1 (16... Na4 17. Nxa4 bxa4 18. Bc2 $14 (18. Nd4 $6 {1/2-1/2
Schmidt,W-Perdek,M/Polanica Zdroj ,EXT 1993 (18)})) 17. Rc2 Na1 18. Rcc1 Nb3
$11) (12... Qb6 13. Rfd1 h6 14. Bh4 Rac8 15. dxc5 Nxc5 16. Ne5 Rfd8 $11 (16...
b4 17. axb4 Qxb4 18. Rd4 Qb6 19. Rcd1 (19. Ng4 Qc6 20. Qf1 (20. Nd5 $2 exd5 (
20... Nxd5 21. Bxd5 Qc7 22. Bxb7 Qxb7 23. Bxe7 Qxe7 24. Rdc4 $18 {[%csl Rc5]
[%cal Gc1c8]}) 21. b4 Nxg4 22. Bxe7 Qc7 23. Qxg4 (23. Rxg4 Qxe7 24. bxc5 Rxc5
25. Rxc5 Qxc5 $17) 23... Qxe7 24. Rxc5 Rxc5 25. bxc5 Qxc5 26. Qd1 Rc8 27. h3
Qa3 28. Qd2 Qc1+ 29. Kh2 Qxd2 30. Rxd2 Rc5 $17) (20. f3 Ncd7 21. Rcd1 Rfe8 22.
Rc4 Qb6 23. Rxc8 Bxc8 24. Nxf6+ Nxf6 $11) 20... Ncd7 21. Nd5 Qxc1 22. Nxe7+ Kh8
23. Nxc8 Qxf1+ 24. Kxf1 Rxc8 25. Nxf6 Nxf6 26. Bxf6 gxf6 27. Rc4 $11) 19... a5
20. Qc2 Rfd8 21. Nc4 Qa6 22. b3 Rxd4 23. Rxd4 Rd8 $11 {1/2-1/2 Sulava,N-Slogar,
D/CRO-chT Makarska ,EXT 1994 (35)})) 13. exd4 Rc8 (13... Nb6 14. Ne5 Nbd5 15.
Rfd1 Nxc3 16. bxc3 Nd5 17. Bxe7 Qxe7 18. Bxd5 Bxd5 19. a4 Bb3 $17 {1/2-1/2
Levitt,J-Straeter,T/Dortmund op 1988 (29)}) 14. Rfe1 (14. Ne5 $11) 14... Re8
15. h4 $6 $15 (15. Ne5 $11) 15... h6 (15... Nf8 16. Red1 (16. Ne5 Qxd4 $17) (
16. Rcd1 Bxa3 17. Nxb5 Bb4 18. Nc3 Bxc3 (18... h6 19. d5 $1 $13) 19. bxc3 Rxc3
$17) 16... h6 17. Be3 $15 (17. Bd2 Qd6 18. Ne5 Qxd4 19. Bxh6 Qxh4 $17)) 16. Bf4
b4 $6 $132 (16... Nf8 $15) 17. axb4 Bxb4 18. Ne5 Nxe5 19. Bxe5 (19. dxe5 Nd5
20. Bxh6 Qxh4 (20... gxh6 21. Bxd5 Bxd5 22. Qg4+ Kh7 23. Qxb4 $16) 21. Bd2 Nf4
22. Bxf4 Qxf4 $15) 19... Nd7 20. Bg3 Qa5 21. d5 $5 Bxc3 (21... exd5 22. Qxe8+
Rxe8 23. Rxe8+ Nf8 (23... Bf8 24. Bd6 (24. Rd1 $1 Nf6 (24... Qb4 25. Nxd5 Qa4 (
25... Bxd5 26. Bxd5 Qxb2 27. Bd6 g5 28. Rd8 Qb5 29. Bf3 gxh4 30. Be7 Ne5 31.
Bh5 $18) 26. Ne7+ Kh7 (26... Kh8 27. Rxd7 Qxd7 28. Rxf8+ Kh7 29. Bb1+ $18) 27.
Bb1+ g6 28. Bc2 Qxc2 29. Rxd7 $18) 25. Rb8 Bc6 26. b4 Qa3 27. Nxd5 Qxa2 (27...
Nxd5 28. Bxd5 Qa4 29. Rd3 Bb5 30. Bxf7+ Kxf7 31. Rf3+ Kg6 32. Rb6+ Kh5 33. Rf5+
g5 34. Rxf8 Qxb4 35. Rh8 Kg4 36. Rhxh6 $18) 28. Nxf6+ gxf6 29. Rdd8 Kh7 30.
Rxf8 $16) 24... d4 25. Bxf8 Nxf8 26. Re7 Bxg2 27. Bxf7+ Kh7 28. Kxg2 dxc3 29.
Rxc3 Qb4 30. Re8 h5 31. Bb3 g6 32. Rce3 Kh6 33. R8e4 $14) 24. Bb3 (24. Rb8 Bxc3
25. Rxc3 Qxa2 26. Rxb7 Ne6 27. Ra3 $11) 24... Bxc3 25. Bd6 Kh7 26. Rxf8 Bxb2
27. Bc2+ g6 28. Rb1 $18) 22. dxe6 Rxe6 (22... Qxa2 23. exd7 Rxe2 24. dxc8=Q+
Bxc8 25. Rxe2 Bxb2 26. Rxc8+ Kh7 27. Kh2 Qa3 28. Re3 $11) 23. Bxe6 Bxe1 24. Rd1
$1 (24. Rxc8+ Bxc8 25. Bh3 Bxf2+ 26. Bxf2 Qd8 $17) 24... fxe6 (24... Rd8 25.
Rxd7 (25. Bxd7 Bb4 26. Qg4 Bc5 $11) 25... Rxd7 26. Bxd7 Qd5 27. Qe8+ Kh7 28.
Bh3 $11) 25. Qxe6+ (25. Rxd7 $5 Ba8 $2 (25... Bc6 $1 26. Qxe6+ Kh8 27. Rxg7 (
27. Be5 Bxf2+ 28. Kh2 Bg3+ 29. Kxg3 (29. Bxg3 Bxd7 $19) 29... Qe1+ 30. Kh2
Qxh4+ 31. Kg1 Bxd7 $19) (27. Re7 Bxf2+ 28. Bxf2 Qd8 29. Qg4 Qxe7 30. Qxc8+ Qe8
31. Qxa6 Qe4 $44) 27... Kxg7 28. Be5+ Kf8 29. Bd6+ (29. Qxc8+ Ke7 30. Qxc6 Qxe5
31. Qxh6 $11) 29... Kg7 30. Be5+ $11) 26. Qxe6+ Kh7 27. Qf6 Rg8 28. Be5 Bxf2+
29. Kh2 Bg1+ 30. Kh1 Bxg2+ 31. Kxg1 Qe1+ 32. Kxg2 $18) 25... Kh8 26. Rxd7 Qb5
$4 $18 (26... Bxf2+ 27. Bxf2 Qa1+ 28. Kh2 Qxb2 29. Qg4 Qe5+ 30. Bg3 Qb2 31. Bf2
Qe5+ $11 (31... Ba8 32. Bd4 Qb8+ 33. Kh3 $18)) 27. Be5 Bxf2+ 28. Kh2 Bg1+ 29.
Kxg1 Rc1+ 30. Kh2 Rh1+ 31. Kg3 1-0

[Event "Reggio Emilia 9798 40th"]
[Site "Reggio Emilia"]
[Date "1998.01.02"]
[Round "7"]
[White "Romanishin, Oleg M"]
[Black "Bellini, Fabio"]
[Result "1/2-1/2"]
[WhiteElo "2550"]
[BlackElo "2415"]
[Annotator "Tsesarsky,I"]
[PlyCount "82"]
[EventDate "1997.12.26"]
[EventType "tourn"]
[EventRounds "11"]
[EventCountry "ITA"]
[EventCategory "10"]
[SourceTitle "CBM 063"]
[Source "ChessBase"]
[SourceDate "1998.03.26"]
[SourceVersion "1"]
[SourceVersionDate "1998.03.26"]
[SourceQuality "1"]

1. Nf3 d5 2. d4 Nf6 3. c4 e6 4. Nc3 Be7 5. Bg5 O-O 6. e3 Nbd7 7. Rc1 a6 8. c5
c6 9. Bd3 e5 10. Bxf6 (10. dxe5 Ne8 (10... Ng4 11. Bf4 Nxc5 12. h3 Nxd3+ 13.
Qxd3 Nh6 14. Bxh6 gxh6 $132) 11. Bf4 (11. Bxe7 Qxe7 12. Qc2 h6 13. Na4 Nxe5 14.
Nxe5 Qxe5 $11) 11... Nxc5 12. Bb1 f5 (12... Bg4 $11) 13. exf6 Nxf6 14. Nd4 Ne6
$11 {1-0 ,Goldin A. - Ostenstad B, Trnava 1989}) 10... Bxf6 11. dxe5 (11. Nxe5
Bxe5 (11... Nxe5 12. dxe5 Be7 (12... Bxe5 13. Bxh7+ $16) 13. Na4 Qa5+ 14. Rc3
Be6 15. O-O $16) 12. dxe5 Nxc5 13. Bb1 b6 (13... Qg5 14. O-O Qxe5 (14... Bg4
15. Qc2 g6 16. f4 $16 {1-0 Boyd-Spitzenberger/corr 1978 (24)}) 15. Nxd5 Ne4 16.
Nb6 Rb8 17. Nc4 Qe7 18. f3 Rd8 19. Qc2 Nf6 20. e4 Qc5+ $11) 14. Qh5 g6 15. Qh6
Qe7 $17) 11... Be7 12. Qc2 (12. b4 Qc7 13. O-O Nxe5 14. Nxe5 Qxe5 15. Qc2 f5
16. Ne2 g6 17. Rfe1 Qg7 18. Qd2 Bf6 19. Bc2 Be6 20. Nd4 Bf7 $11 {1-0 Brinck
Claussen,B-Van Voorthuijsen,P/Lyngby op 1988 (39)} (20... Bd7 $11)) 12... h6 (
12... g6 13. Na4 Qa5+ 14. Ke2 Qc7 15. e6 fxe6 16. Bxg6 hxg6 17. Qxg6+ Kh8 18.
Qh6+ Kg8 19. Qg6+ {1/2-1/2 Schmidt,W-Davidovic,A/Dortmund-B 1988}) 13. e4 (13.
Na4 Qc7 (13... Qa5+ 14. Ke2 Qc7 15. Qc3 Re8 16. Rhe1 Bf8 17. Kf1 Nxe5 18. Nxe5
Rxe5 19. Nb6 Rb8 20. Nxc8 Rxc8 21. Kg1 $11 {0-1 Visier,F-Lombardy,W/Nice ol
1974 (78)}) 14. Qc3 Re8 15. O-O (15. e6 fxe6 16. O-O Bf6 17. Qc2 Rb8 18. b3 {
1/2-1/2 Kharitonov,A-Sokolov,A/URS-ch55 Moscow 1988}) (15. Bb1 Bd8 $1 16. O-O
$132 (16. Qc2 $6 g6 17. h4 $6 h5 18. Nd4 Qxe5 $17 {0-1 Wiedenkeller,
M-Thorsteinsson,T/Saltsjobaden 1988 (35)})) 15... Bf8 16. e4 Nxe5 17. Nxe5 dxe4
18. Bxe4 Qxe5 19. Qxe5 Rxe5 20. Rfe1 $11 {1/2-1/2 Loginov,V-Balashov,Y/URS-FL
Sverdlovsk 1987 (24)}) (13. O-O Nxc5 14. Bh7+ Kh8 15. Bf5 Bxf5 16. Qxf5 Qd7 (
16... Qb6 17. Rc2 Rae8 $15) 17. Nd4 Rae8 18. Rfd1 Qxf5 19. Nxf5 Nd7 20. Nxd5 $5
(20. f4 $132) 20... cxd5 21. Rc7 g6 22. Rxd7 gxf5 23. Rxb7 Bd8 24. Rxd5 $132 {
1/2-1/2 Christiansen,L-Seul,G/BL 1991 (53)}) 13... dxe4 14. Nxe4 (14. Bxe4 Nxc5
$15) 14... Nxc5 $15 15. Nxc5 Bxc5 16. O-O (16. Qxc5 $2 Qxd3 17. Rd1 (17. Qc4
Rd8 $17) 17... Qe4+ $17) (16. Bh7+ Kh8 17. Qxc5 Kxh7 18. O-O Bg4 19. Rfd1 Qc7
$15) 16... Ba7 17. Rcd1 Qe7 18. Qc4 $5 (18. Bh7+ Kh8 19. Bf5 Bxf5 20. Qxf5 Rad8
21. h4 $11) 18... Be6 19. Qe4 g6 20. Qf4 (20. h4 Bxa2 $17) 20... Kg7 21. Bc4 (
21. a3 Rad8 $15) 21... Rad8 22. b3 (22. Bxe6 Qxe6 23. b3 $132) 22... g5 $6 $11
(22... Bxc4 23. bxc4 Bc5 $15) 23. Qe4 Bxc4 24. Qxc4 (24. bxc4 Bc5 (24... Rfe8
25. h4 $132) 25. Nd4 Bxd4 26. Rxd4 $11) 24... Rxd1 25. Rxd1 Rd8 26. Rxd8 Qxd8
27. g4 (27. h4 Qd1+ 28. Qf1 Qc2 29. hxg5 hxg5 30. Nxg5 Qxa2 31. e6 fxe6 32.
Nxe6+ Kf6 33. Nf4 Qxb3 34. Qe2 $17) 27... Qd5 28. Qe2 f6 $6 $11 (28... a5 $5
29. h3 (29. h4 a4 30. bxa4 Qe6 $1 31. hxg5 Qxg4+ 32. Kf1 hxg5 $17) 29... b5 $15
) 29. exf6+ Kxf6 30. Nd2 $1 Kg7 $6 (30... Bd4 31. Ne4+ Kg6 32. Ng3 $11) 31. Nc4
(31. Qe7+ Kg6 32. Qe8+ Kg7 33. Qe7+ Qf7 34. Qxf7+ Kxf7 35. Nc4 Bc5 36. Na5 Bb4
37. Nxb7 Ke7 38. Kg2 Kd7 39. Kf3 Kc7 40. a3 Bxa3 41. Na5 Bd6 42. h3 $11) 31...
Bb8 $2 $16 (31... Kf6 $11) 32. h3 $2 $11 (32. Qe7+ Qf7 33. Qxf7+ Kxf7 34. Na5
Ke6 35. Nxb7 Kd5 36. Nd8 $16) 32... Bf4 $2 $16 (32... Kf6 $11) (32... Kf7 $11)
33. Nb2 $2 $11 (33. Qe7+ Qf7 (33... Kg6 34. Qxb7 $16) 34. Qxf7+ Kxf7 35. Na5
$16) 33... b5 (33... Kf6 $11) 34. Nd3 Bd6 35. Ne1 Kf7 36. Ng2 Qe5 37. Qf3+ Qf6
38. Qd1 Qe5 39. Qf3+ Qf6 40. Qd1 Qe5 41. Qf3+ Qf6 1/2-1/2

[Event "Elgoibar 09th"]
[Site "Elgoibar"]
[Date "1999.??.??"]
[Round "3"]
[White "Georgiev, Vladimir"]
[Black "Ubilava, Elizbar"]
[Result "1-0"]
[WhiteElo "2515"]
[BlackElo "2555"]
[Annotator "Tsesarsky,I"]
[PlyCount "119"]
[EventDate "1999.11.??"]
[EventType "tourn"]
[EventRounds "9"]
[EventCountry "ESP"]
[EventCategory "9"]
[SourceTitle "CBM 075"]
[Source "ChessBase"]
[SourceDate "2000.04.05"]
[SourceVersion "1"]
[SourceVersionDate "2000.04.05"]
[SourceQuality "1"]

1. d4 d5 2. c4 e6 3. Nc3 Be7 4. Nf3 Nf6 5. Bg5 Nbd7 6. e3 O-O 7. Rc1 dxc4 8.
Bxc4 a6 9. Bd3 c5 $6 (9... b6 $1 10. O-O Bb7 11. Qe2 (11. e4 c5 12. e5 Nd5 13.
Bxe7 Qxe7 14. Ne4 cxd4 15. Bb1 $44) 11... c5 12. Rfd1 Nd5 13. Ne4 cxd4 14. Bxe7
Qxe7 15. Nxd4 Ne5 16. Nc3 $11 {Alekhine,Alexander-Naegeli,Oskar/Bern (13) ;HCL
1932/1/2-1/2 (48)}) 10. O-O (10. Ne5 cxd4 (10... Nxe5 11. dxe5 Nd5 (11... Nd7
12. Bxe7 Qxe7 13. O-O Rd8 (13... Nxe5 $2 14. Bxh7+ Kxh7 15. Qh5+ Kg8 16. Qxe5
b6 (16... b5 17. Nd5 Qa7 18. Nc7 Rb8 19. Rxc5 $16) 17. Rfd1 Bb7 18. Rd6 $16)
14. f4 b5 15. Qh5 Nf8 16. Rfd1 Bb7 $132) 12. Bxe7 Qxe7 13. Ne4 b6 $132) 11.
exd4 Nd5 12. Bxe7 Qxe7 (12... Nxe7 13. O-O Nf6 14. Ne4 Nfd5 15. Bb1 Nf5 16. Ng3
Nf6 17. Ne2 Bd7 $132 {1-0 Izeta Txabarri,Felix-Gomez Esteban,Juan Mario/
Elgoibar (4) ;CBM 57 ext 1996 (45)}) 13. Nxd5 (13. O-O N7f6 (13... Nxe5 $6 $14
14. dxe5 Rd8 (14... Bd7 15. Nxd5 (15. Qh5 g6 16. Qh6 Nxc3 17. Rxc3 Rac8 (17...
Bb5 18. Bxb5 axb5 19. Rh3 f6 20. exf6 Rxf6 21. a3 $14) 18. Rfc1 Rxc3 19. Rxc3
Rc8 $11) 15... exd5 16. f4 $14) 15. Qf3 (15. Ne4 $5 Nf4 16. Nd6 Qg5 17. g3 Qxe5
18. Nxf7 Nh3+ (18... Kxf7 19. gxf4 Qxf4 20. Qh5+ $14) 19. Kg2 Kxf7 20. Kxh3 Rd4
21. Qf3+ $14) 15... Rb8 (15... Nxc3 $2 16. Rxc3 f5 (16... Rb8 17. Bxh7+ $18)
17. Rfc1 $16) 16. Ne4 Bd7 (16... Nb4 17. Bb1 b6 18. Nd6 Bb7 19. Qh3 $14) 17.
Qg3 (17. Nd6 $14) 17... Bc6 $14 {(...) 1-0 Zvjaginsev,Vadim-Kharitonov,Andrei
Y/RUS-chT Kazan (4) ;CBM 51 1995 (26)}) 14. Nxd5 Nxd5 15. Be4 Rd8 16. Qf3 Nf6
17. Rc4 Nxe4 18. Qxe4 f6 19. Nf3 b5 20. Rc6 Ra7 21. Qe3 Rc7 $11 {Kutirov,
Rolando-San Segundo,Pablo/EU-chT (Men) (8) ;CBM 57 ext 1997/1/2-1/2 (97)})
13... exd5 14. O-O Nxe5 15. Re1 $14) 10... cxd4 11. Nxd4 $1 $14 (11. exd4 b5
12. a4 bxa4 13. Nxa4 Bb7 14. Re1 Rc8 15. Nc3 h6 16. Bh4 Re8 $11 {Lautier,
Joel-Kamsky,Gata/Amber-blind 5th rapid (3) ;CBM 52 ext 1996/0-1 (58)}) 11...
Ne5 12. Be2 (12. Bxf6 Bxf6 13. Be4 Rb8 14. Qc2 g6 15. Rfd1 Bd7 16. Qe2 Qb6 17.
f4 Nc6 18. Bxc6 Bxc6 19. Nxc6 bxc6 20. Na4 Qb5 $11 {1/2-1/2 Fokin,
Sergey-Kharitonov,Andrei Y/URS-FL Kursk ;EXT 97 1987 (24)}) (12. Bb1 Bd7 13.
Qe2 Rc8 14. Rfd1 Qb6 15. Ne4 Ng6 16. Nxf6+ gxf6 17. Bh6 $14 {1/2-1/2 Schmidt,
Wlodzimierz-Ostrowski,Leszek/POL-chT Krynica (4) ;CBM 61 ext 1997 (18)}) 12...
Ng6 13. Qc2 Qa5 14. Bxf6 gxf6 $6 $16 {Strange move} (14... Bxf6 $142 15. Nb3 $5
(15. Rfd1 Rd8 $1 (15... Bd7 16. Nb3 Qc7 (16... Qd8 17. Nc5 Ne5 18. N3e4 $18)
17. Nd5 Qxc2 18. Nxf6+ gxf6 19. Rxc2 Bc6 20. Na5 Bd5 21. Rc7 $14) 16. Bf3 (16.
Nb3 Rxd1+ 17. Rxd1 Qc7 $11) 16... Ne5 17. Be4 g6 $11) 15... Qe5 16. Rfd1 b6 17.
Bf3 Ra7 18. Nd4 Bb7 19. Bxb7 Rxb7 20. Ne4 Be7 21. Nc6 $14) 15. Nb3 Qe5 16. Rfd1
Rb8 (16... Rd8 17. Rxd8+ Bxd8 18. Nd4 Bd7 19. Bf3 Bc7 20. g3 Rb8 21. Bg2 Bb6
22. Qd1 Be8 23. Nf3 $14) 17. Ne4 f5 18. Nec5 b6 (18... Bd6 19. g3 Rd8 (19... b6
20. Nd3 (20. Nxa6 Ra8 21. Nd4 (21. Qc6 Bxa6 22. Bxa6 Rxa6 23. Rxd6 Rxa2 24. Rd2
Rxb2 $11) 21... Bxa6 22. Bxa6 Rxa6 23. Nc6 Qb5 24. Rxd6 Rxa2 $11) 20... Qf6 21.
Nd4 Bb7 22. Qb3 b5 23. Nc6 Rbc8 24. Bf3 Rc7 25. Ne1 Bxc6 26. Rxc6 Rxc6 27. Bxc6
$14) 20. Na5 $16) 19. Nd7 $1 $16 Bxd7 20. Rxd7 {All white pieces placed better
than black ones} b5 21. Nd4 Rb6 22. g3 (22. Nc6 Qf6 23. Qd2 $16 (23. Bf3 $16))
22... Bf6 23. b4 Ne7 24. Bf3 Qb8 (24... Rc8 25. Qxc8+ Nxc8 26. Rxc8+ Kg7 27.
Rcc7 Kg6 28. Rxf7 $16) 25. Nb3 Ng6 26. Bg2 Ne5 27. Rdd1 (27. Nc5 Nxd7 28. Nxd7
Qd8 29. Nxf8 (29. Rd1 Rb8 $11) 29... Qxf8 30. a3 Rd6 $11) 27... Rd6 (27... Rd8
28. Nc5 $16) 28. Nc5 Rfd8 29. Rxd6 Rxd6 30. e4 $1 {Loosening a position of the
black king} f4 (30... Nc6 31. exf5 (31. Qb3 Nd4 (31... Qb6 32. exf5 Nd4 33. Qd1
Nxf5 34. Qg4+ Kh8 35. Ne4 Rd4 36. Qh5 $18) 32. Qd1 $14) 31... Nd4 (31... Nxb4
32. Qb3 $18) 32. Qd1 Nxf5 33. Qh5 (33. Qg4+ Bg7 34. Be4 Ne7 35. Qh5 Ng6 36. Bb7
$14) 33... Bb2 34. Rc2 Bg7 35. Be4 $16) (30... fxe4 $2 31. Nxe4 $18) 31. gxf4
Nc4 32. e5 Rd2 33. Qb3 (33. Qxd2 Nxd2 34. Nd7 Qd8 35. Nxf6+ Kg7 36. Rc3 $44)
33... Bh4 (33... Bg7 34. Bf1 $16) 34. Ne4 Qd8 35. Nxd2 (35. Bf1 Rxf2 36. Nxf2
Bxf2+ 37. Kh1 $16 (37. Kxf2 $2 Qd2+ 38. Kg1 Qxc1 $15)) 35... Qxd2 36. Rf1 (36.
Qc2 Bxf2+ 37. Kh1 Qxf4 38. Rf1 Nd2 39. Qc1 Qe3 40. Rd1 Nc4 41. Qxe3 Bxe3 42.
Bb7 $16) 36... Qxf4 37. Qd3 Nd2 (37... Qxe5 38. Kh1 $16) 38. Rd1 $1 Bxf2+ 39.
Kh1 Be3 40. Qd8+ Kg7 41. Qf6+ Qxf6 42. exf6+ Kxf6 43. Bb7 Ke5 44. Bxa6 f5 $2
$18 (44... Ne4 {[%cal Ge4f2]} 45. Kg2 Nd6 46. Kf3 $16) 45. Bxb5 f4 {Black f
pawn is not dangerous...} 46. a4 Kd4 47. a5 Kc3 48. a6 e5 (48... Kxb4 49. Bd7
Ne4 50. Ra1 Nf2+ (50... Ba7 51. Ra4+ {[%csl Re4]}) 51. Kg2 Ba7 52. Bxe6 $18)
49. Re1 (49. Bc6 f3 50. b5 e4 51. Ra1 Ba7 52. b6 Bxb6 53. a7 Bxa7 54. Rxa7 f2
55. Bb5 f1=Q+ 56. Bxf1 Nxf1 57. Rxh7 e3 58. Kg2 Nd2 59. h4 $18) 49... Kxb4 50.
Rxe3 fxe3 51. a7 Kxb5 52. a8=Q Kc4 53. Kg2 h6 54. Qh8 Kd4 55. Qxh6 e4 56. Qd6+
Kc3 57. Qa3+ Kd4 58. Qa7+ Kd3 59. Qa6+ Kd4 60. h4 1-0